[Event "World Senior Teams +50"]
[Site "Radebeul GER"]
[Date "2016.07.01"]
[Round "6.27"]
[Board "3"]
[White "Eiselt, Peter"]
[Black "Keeve, Martin"]
[Result "1/2-1/2"]
[WhiteElo "2012"]
[BlackElo "1893"]
[WhiteTeam "TuS Coswig 1920"]
[BlackTeam "Blue Wonder"]
[WhiteFideId "24638161"]
[BlackFideId "12903205"]
[EventDate "2016.06.26"]

1. c4 c5 2. Nf3 Nc6 3. Nc3 Nf6 4. d4 cxd4 5. Nxd4 g6 6. e4 Bg7 7. Be3 O-O 8. Be2
d6 9. O-O Re8 10. h3 Nxd4 11. Bxd4 b6 12. Bf3 Bb7 13. Qd2 Nd7 14. Be2 Nc5 15. b4
Nd7 16. Rac1 Rc8 17. Bxg7 Kxg7 18. Qd4+ Kg8 19. f4 Nb8 20. b5 Nd7 21. Bg4 Rc7
22. Nd5 Bxd5 23. cxd5 Nc5 24. e5 h5 25. Be2 f5 26. g4 hxg4 27. hxg4 Ne4 28. Rc6
Qd7 29. e6 Qc8 30. gxf5 gxf5 31. Rf3 Rf8 32. Re3 Rf6 33. Bh5 Rxc6 34. bxc6 Qa6
35. Bf7+ Kg7 36. Qd3 Qxd3 37. Rxd3 Rh6 1/2-1/2

[Event "World Senior Teams +50"]
[Site "Radebeul GER"]
[Date "2016.07.01"]
[Round "6.28"]
[Board "1"]
[White "Jeute, Peter"]
[Black "Hilbig, Dieter"]
[Result "1/2-1/2"]
[WhiteElo "1978"]
[BlackElo "2014"]
[WhiteTeam "SV Bannewitz"]
[BlackTeam "SG Gera/ Meuselwitz"]
[WhiteFideId "24646091"]
[BlackFideId "24642851"]
[EventDate "2016.06.26"]

1. d4 Nf6 2. Nf3 b6 3. e3 Bb7 4. Bd3 e6 5. O-O c5 6. Nbd2 d5 7. c3 Bd6 8. Qe2
Nbd7 9. e4 dxe4 10. Nxe4 Nxe4 11. Bxe4 Bxe4 12. Qxe4 O-O 13. Bg5 Be7 14. Bf4 Nf6
15. Qe2 Qd5 16. dxc5 Qxc5 17. Be3 Qh5 18. Rad1 e5 19. Rfe1 e4 20. Nd4 Rfe8 21.
Qxh5 Nxh5 22. Nb5 Bd8 23. g4 Nf6 24. g5 Ng4 25. Bf4 Ne5 26. Kg2 Nf3 27. Re2 Re6
28. Nd4 Rg6 29. Nxf3 exf3+ 30. Kxf3 Bxg5 31. Bxg5 Rxg5 32. Red2 Kf8 33. Rd7 g6
34. h4 Rf5+ 35. Kg3 Kg7 36. Rb7 b5 37. Rd4 Re8 38. Rd2 a5 39. Rbd7 Re1 40. R7d5
Ree5 41. Rxe5 1/2-1/2

[Event "World Senior Teams +50"]
[Site "Radebeul GER"]
[Date "2016.07.01"]
[Round "6.28"]
[Board "2"]
[White "Kohl, Torsten"]
[Black "Hartig, Uwe"]
[Result "1-0"]
[WhiteElo "1796"]
[BlackElo "2001"]
[WhiteTeam "SG Gera/ Meuselwitz"]
[BlackTeam "SV Bannewitz"]
[WhiteFideId "24638870"]
[BlackFideId "24668222"]
[EventDate "2016.06.26"]

1. c4 e5 2. g3 Nc6 3. Bg2 d6 4. e3 Be6 5. b3 Nf6 6. Nc3 Qd7 7. Nge2 Bh3 8. O-O
h5 9. d4 h4 10. dxe5 Bxg2 11. e6 fxe6 12. Kxg2 hxg3 13. hxg3 e5 14. Rh1 Rxh1 15.
Qxh1 Nb4 16. Qh3 Qxh3+ 17. Kxh3 Nd3 18. f4 Nxc1 19. Rxc1 c6 20. g4 Be7 21. g5
Nd7 22. Kg4 Kf7 23. Rh1 Rg8 24. f5 Nc5 25. Ng3 a6 26. Rh2 b5 27. g6+ Ke8 28. Rh7
b4 29. Nce4 Nxe4 30. Nxe4 d5 31. cxd5 cxd5 32. Ng3 Bf6 33. Nh5 Ke7 34. Kf3 e4+
35. Ke2 Be5 36. Kd1 Kd6 37. Ke2 Kc5 38. Kd1 d4 39. exd4+ Kxd4 40. Ke2 a5 41. f6
gxf6 42. Rd7+ Kc5 43. g7 f5 44. Rf7 f4 45. Rf8 Rxg7 46. Nxg7 Bxg7 47. Rxf4 Kd4
48. Rf5 Be5 49. Rf7 Kc3 50. Ra7 Kc2 51. Rxa5 Bb2 52. Ke3 Kb1 53. Kxe4 Ba3 54.
Kd3 Kxa2 55. Kc4 Kb2 56. Ra4 Kc2 57. Rxb4 Bxb4 58. Kxb4 Kd3 59. Kc5 Ke4 60. b4 1-0

[Event "World Senior Teams +50"]
[Site "Radebeul GER"]
[Date "2016.07.02"]
[Round "7.1"]
[Board "1"]
[White "Vaganian, Rafael A"]
[Black "Boensch, Uwe"]
[Result "0-1"]
[WhiteTitle "GM"]
[BlackTitle "GM"]
[WhiteElo "2577"]
[BlackElo "2545"]
[WhiteTeam "Armenia"]
[BlackTeam "Germany 1"]
[WhiteFideId "13300016"]
[BlackFideId "4611268"]
[EventDate "2016.06.26"]

1. d4 Nf6 2. c4 e6 3. Nc3 d5 4. cxd5 exd5 5. Bg5 Be7 6. Qc2 Nbd7 7. e3 c6 8. Bd3
Nh5 9. Bxe7 Qxe7 10. Nge2 g6 11. O-O O-O 12. Rab1 Nb6 13. b4 a6 14. a4 Ng7 15.
a5 Nd7 16. Na4 f5 17. Rfe1 Nf6 18. Ng3 Nge8 19. f3 Nd6 20. Nc5 Qg7 21. Rbd1 Kh8
22. Ne2 Bd7 23. Nf4 Rae8 24. Bf1 Bc8 25. Qc1 g5 26. Nfd3 Nh5 27. f4 gxf4 28. Ne5
fxe3 29. Qxe3 Ne4 30. Be2 Rg8 31. Bf3 Ref8 32. Rf1 f4 33. Qb3 Ng5 34. Rd2 Nf6
35. Rb2 Nfe4 36. Qd1 Qh6 37. Ncd3 Nh3+ 0-1

[Event "World Senior Teams +50"]
[Site "Radebeul GER"]
[Date "2016.07.02"]
[Round "7.1"]
[Board "2"]
[White "Bischoff, Klaus"]
[Black "Anastasian, Ashot"]
[Result "1/2-1/2"]
[WhiteTitle "GM"]
[BlackTitle "GM"]
[WhiteElo "2500"]
[BlackElo "2532"]
[WhiteTeam "Germany 1"]
[BlackTeam "Armenia"]
[WhiteFideId "4600045"]
[BlackFideId "13300059"]
[EventDate "2016.06.26"]

1. c4 Nf6 2. Nc3 c5 3. Nf3 e6 4. e3 d5 5. cxd5 exd5 6. Bb5+ Bd7 7. Bxd7+ Qxd7 8.
O-O Nc6 9. d4 Be7 10. dxc5 Bxc5 11. b3 O-O 12. Bb2 Rfd8 13. Rc1 Qe7 14. Nb5 Ne4
15. Nbd4 Qf8 16. Qe2 Rac8 17. Rfd1 Ba3 18. Bxa3 Qxa3 19. Nxc6 Rxc6 20. Rxc6 bxc6
21. Qc2 Qd6 22. Nd2 Nxd2 23. Rxd2 c5 24. g3 h5 25. h4 g6 26. Qd3 Qb6 27. Qe2 a5
28. Qf3 d4 29. exd4 cxd4 30. Qe4 Qd6 31. Rd3 Qc5 32. Rf3 Qd6 33. Rd3 Kg7 34. Kg2
Kh7 35. Kg1 Rd7 36. Kg2 Kg7 37. Kg1 f5 38. Qf3 Qe5 39. Qd1 f4 40. Kg2 Rd6 41. g4
Qd5+ 42. Kg1 Qe4 43. f3 Qe7 44. g5 Qe5 45. Kg2 Rd7 46. Rd2 Qc5 47. Qe2 Qf5 48.
Qc4 Qe5 49. Re2 Qc7 50. Qxc7 Rxc7 51. Re4 d3 52. Kf2 Rc1 53. Rd4 Rc2+ 54. Ke1
Rxa2 55. Rxf4 Re2+ 56. Kd1 Rb2 57. Ra4 Rxb3 58. Rxa5 Rb4 59. Ra7+ 1/2-1/2

[Event "World Senior Teams +50"]
[Site "Radebeul GER"]
[Date "2016.07.02"]
[Round "7.1"]
[Board "3"]
[White "Movsziszian, Karen"]
[Black "Volke, Karsten"]
[Result "1/2-1/2"]
[WhiteTitle "GM"]
[BlackTitle "IM"]
[WhiteElo "2488"]
[BlackElo "2478"]
[WhiteTeam "Armenia"]
[BlackTeam "Germany 1"]
[WhiteFideId "13301152"]
[BlackFideId "4611411"]
[EventDate "2016.06.26"]

1. Nf3 d5 2. g3 c6 3. Bg2 Bg4 4. O-O Nd7 5. d3 e6 6. Nbd2 Bd6 7. h3 Bh5 8. e4
Ne7 9. Qe1 O-O 10. Nb3 e5 11. Bd2 f6 12. exd5 cxd5 13. Bb4 Qc7 14. Nfd4 Bxb4 15.
Qxb4 Rfe8 16. Nb5 Qb6 17. Qa5 Rec8 18. Rfc1 Nc5 19. Qxb6 axb6 20. Nd2 Be8 21.
Nd6 Rd8 22. Nxe8 Rxe8 23. Nb1 Red8 24. Nc3 Na4 25. Nxa4 Rxa4 26. a3 Kf7 27. Re1
b5 28. c3 b6 29. Bf3 d4 30. Bd1 Ra7 31. Bb3+ Kf8 32. c4 bxc4 33. Bxc4 Rc8 34.
Kg2 Nc6 35. Rac1 Ke7 36. Ba2 Rac7 37. f4 Kd6 38. Re2 Ne7 39. fxe5+ fxe5 40. Rxc7
Rxc7 41. Rf2 Rc1 42. Rf7 Rc2+ 43. Rf2 Rc1 1/2-1/2

[Event "World Senior Teams +50"]
[Site "Radebeul GER"]
[Date "2016.07.02"]
[Round "7.1"]
[Board "4"]
[White "Tischbierek, Raj"]
[Black "Galdunts, Sergey"]
[Result "0-1"]
[WhiteTitle "GM"]
[BlackTitle "GM"]
[WhiteElo "2439"]
[BlackElo "2415"]
[WhiteTeam "Germany 1"]
[BlackTeam "Armenia"]
[WhiteFideId "4611322"]
[BlackFideId "13300067"]
[EventDate "2016.06.26"]

1. e4 e5 2. Nf3 Nc6 3. Bb5 a6 4. Ba4 Nf6 5. O-O Be7 6. d3 b5 7. Bb3 d6 8. a3 O-O
9. Nc3 Bg4 10. Be3 Nd4 11. Bxd4 exd4 12. Nd5 Nd7 13. h3 Bxf3 14. Qxf3 Bg5 15.
Qg3 Bh6 16. h4 Nc5 17. Ba2 Ne6 18. f4 c6 19. Nb4 Qc7 20. f5 Nc5 21. c3 dxc3 22.
bxc3 Na4 23. d4 a5 24. Nc2 c5 25. Bb3 cxd4 26. Bxa4 bxa4 27. Nxd4 Rfe8 28. f6 g6
29. Nf5 Bf8 30. Rf4 Kh8 31. Ng7 Re5 32. Raf1 Qc5+ 33. Kh2 d5 34. h5 dxe4 35.
hxg6 fxg6 36. Qh3 e3 37. Rh4 h5 38. Ne6 Qd6 39. Nf4 Qxf6 40. Qg3 Kh7 41. Nd5
Qxf1 42. Qxe5 e2 43. Re4 Ra6 44. g3 Qf2+ 45. Kh1 Bg7 46. Qe8 e1=Q+ 0-1

[Event "World Senior Teams +50"]
[Site "Radebeul GER"]
[Date "2016.07.02"]
[Round "7.3"]
[Board "1"]
[White "Nunn, John D M"]
[Black "Strutinskaia, Galina"]
[Result "1-0"]
[WhiteTitle "GM"]
[BlackTitle "WGM"]
[WhiteElo "2597"]
[BlackElo "2237"]
[WhiteTeam "England 1"]
[BlackTeam "Russia Women"]
[WhiteFideId "400017"]
[BlackFideId "4108558"]
[EventDate "2016.06.26"]

1. e4 c5 2. Nf3 Nc6 3. Bb5 d6 4. O-O Bd7 5. Re1 a6 6. Bxc6 Bxc6 7. d4 cxd4 8.
Nxd4 Qc7 9. Nc3 e6 10. Bg5 Be7 11. Qh5 g6 12. Qh4 Qd8 13. Bxe7 Qxe7 14. Qg3 Nf6
15. Rad1 e5 16. Nxc6 bxc6 17. Qd3 Rd8 18. Qxa6 Qc7 19. Rd2 O-O 20. Red1 Ra8 21.
Qc4 Ne8 22. a4 Kg7 23. b4 f5 24. exf5 gxf5 25. b5 Rf7 26. bxc6 Rc8 27. Nb5 Qxc6
28. Qh4 Kh8 29. Nxd6 Rg7 30. g3 Ra8 31. Nxf5 Rxa4 32. Qh5 1-0

[Event "World Senior Teams +50"]
[Site "Radebeul GER"]
[Date "2016.07.02"]
[Round "7.3"]
[Board "2"]
[White "Mednikova, Svetlana"]
[Black "Speelman, Jon S"]
[Result "0-1"]
[WhiteTitle "WGM"]
[BlackTitle "GM"]
[WhiteElo "2180"]
[BlackElo "2523"]
[WhiteTeam "Russia Women"]
[BlackTeam "England 1"]
[WhiteFideId "4109961"]
[BlackFideId "400033"]
[EventDate "2016.06.26"]

1. e4 g6 2. d4 Bg7 3. Nc3 d6 4. g3 a6 5. Bg2 Nc6 6. Nge2 e5 7. Be3 Nf6 8. h3 O-O
9. O-O exd4 10. Nxd4 Bd7 11. f4 Re8 12. Qd2 Na5 13. Bf2 c5 14. Nb3 Nc4 15. Qd3
b5 16. e5 dxe5 17. Nxc5 Nxb2 18. Qf3 e4 19. N3xe4 Nxe4 20. Nxe4 Rc8 21. Nd6 Bc6
22. Qa3 Bxg2 23. Kxg2 Rc3 24. Qxb2 Qxd6 25. Kh2 Rf3 26. Qc1 Bxa1 27. Qxa1 Re2
28. Kg1 Qd5 29. Qd4 Rxg3+ 0-1

[Event "World Senior Teams +50"]
[Site "Radebeul GER"]
[Date "2016.07.02"]
[Round "7.3"]
[Board "3"]
[White "Arkell, Keith C"]
[Black "Kozlovskaya, Valentina"]
[Result "1-0"]
[WhiteTitle "GM"]
[BlackTitle "WGM"]
[WhiteElo "2453"]
[BlackElo "2218"]
[WhiteTeam "England 1"]
[BlackTeam "Russia Women"]
[WhiteFideId "400270"]
[BlackFideId "4107098"]
[EventDate "2016.06.26"]

1. d4 Nf6 2. Nf3 d6 3. c4 c6 4. Nc3 g6 5. g3 Bg7 6. Bg2 O-O 7. O-O Nbd7 8. e4 e5
9. h3 Re8 10. Re1 a6 11. d5 c5 12. a3 Qc7 13. Qd3 Nf8 14. b4 b6 15. Bd2 Bd7 16.
Rab1 h6 17. Rb2 g5 18. Reb1 Rab8 19. Nh2 Ng6 20. Nf1 Ne7 21. Ne3 Rec8 22. Qc2
Qd8 23. Qd1 h5 24. a4 g4 25. hxg4 hxg4 26. Bf1 Bh6 27. Be2 Ng6 28. Nf5 Bxd2 29.
Qxd2 cxb4 30. Rxb4 Bxf5 31. exf5 Nf8 32. Qg5+ Kh8 33. Kg2 N8h7 34. Qe3 Rc5 35.
Rh1 Qg8 36. Ne4 Nxe4 37. Qxe4 f6 38. Bxg4 b5 39. Bh5 bxa4 40. Bf7 Rxb4 41. Bxg8
Kxg8 42. Qg4+ Ng5 43. Qh5 Nf7 44. Qg6+ Kf8 45. Rh7 Rc7 46. Qg7+ 1-0

[Event "World Senior Teams +50"]
[Site "Radebeul GER"]
[Date "2016.07.02"]
[Round "7.3"]
[Board "4"]
[White "Fatalibekova, Elena"]
[Black "Flear, Glenn C"]
[Result "1/2-1/2"]
[WhiteTitle "WGM"]
[BlackTitle "GM"]
[WhiteElo "2227"]
[BlackElo "2450"]
[WhiteTeam "Russia Women"]
[BlackTeam "England 1"]
[WhiteFideId "4106792"]
[BlackFideId "400165"]
[EventDate "2016.06.26"]

1. Nf3 d5 2. d4 Nf6 3. Bf4 c5 4. e3 Nc6 5. Be2 Qb6 6. Nc3 c4 7. O-O e6 8. a3 Be7
9. b3 Qa5 10. Qe1 cxb3 11. cxb3 O-O 12. Ne5 Nxe5 13. dxe5 Nd7 14. e4 dxe4 15.
Nxe4 Qxe1 16. Rfxe1 Nb6 17. Bf3 Nd5 18. Bg5 Bxg5 19. Nxg5 Bd7 20. Ne4 Bc6 21.
Nd6 1/2-1/2

[Event "World Senior Teams +50"]
[Site "Radebeul GER"]
[Date "2016.07.02"]
[Round "7.4"]
[Board "1"]
[White "Plaskett, H James"]
[Black "Preuss, Heiko"]
[Result "1/2-1/2"]
[WhiteTitle "GM"]
[WhiteElo "2445"]
[BlackElo "2245"]
[WhiteTeam "England 2"]
[BlackTeam "Post-SV Ulm"]
[WhiteFideId "400238"]
[BlackFideId "4635493"]
[EventDate "2016.06.26"]

1. e4 c5 2. Nf3 d6 3. Nc3 e5 4. Bc4 Nc6 5. d3 h6 6. O-O Nf6 7. a3 Be7 8. Rb1 Nd4
9. Nxd4 cxd4 10. Nd5 a6 11. f4 b5 12. Nxf6+ Bxf6 13. Bd5 Ra7 14. Qh5 Qe7 15. Bd2
Be6 16. Bxe6 Qxe6 17. fxe5 1/2-1/2

[Event "World Senior Teams +50"]
[Site "Radebeul GER"]
[Date "2016.07.02"]
[Round "7.4"]
[Board "2"]
[White "Boehm, Martin"]
[Black "Lewis, Andrew P"]
[Result "1/2-1/2"]
[BlackTitle "FM"]
[WhiteElo "2234"]
[BlackElo "2269"]
[WhiteTeam "Post-SV Ulm"]
[BlackTeam "England 2"]
[WhiteFideId "4608356"]
[BlackFideId "400955"]
[EventDate "2016.06.26"]

1. Nf3 Nf6 2. c4 g6 3. Nc3 Bg7 4. g3 O-O 5. Bg2 d6 6. O-O Nc6 7. d4 e5 8. h3
Nxd4 9. Nxd4 exd4 10. Qxd4 Be6 11. Qh4 Nd7 12. Bg5 f6 13. Bd2 g5 14. Qh5 c6 15.
Be4 f5 16. Bxg5 Qb6 17. Bd3 Qxb2 18. Rfc1 Nc5 19. Rab1 Qa3 20. Bd2 Rf7 21. Qg5
Kh8 22. Qh4 Rg8 23. Be3 Qa5 24. Bd4 Qd8 25. Qxd8 Rxd8 26. Bxg7+ Kxg7 27. Rb2 Kh8
28. Rd2 h5 29. h4 Rg7 30. Kh2 Rdg8 31. e3 Rd7 1/2-1/2

[Event "World Senior Teams +50"]
[Site "Radebeul GER"]
[Date "2016.07.02"]
[Round "7.4"]
[Board "3"]
[White "Page, Mark E"]
[Black "Pieper, Thomas"]
[Result "1/2-1/2"]
[WhiteElo "2080"]
[BlackElo "2226"]
[WhiteTeam "England 2"]
[BlackTeam "Post-SV Ulm"]
[WhiteFideId "417050"]
[BlackFideId "4606299"]
[EventDate "2016.06.26"]

1. e4 e5 2. Nf3 Nc6 3. Bb5 Nf6 4. Bxc6 dxc6 5. d3 Nd7 6. Nbd2 c5 7. Nc4 Bd6 8.
Qe2 O-O 9. h4 Qe8 10. Bd2 Nb8 11. O-O-O Nc6 12. Rdg1 Nd4 13. Nxd4 cxd4 14. f4
exf4 15. Nxd6 cxd6 16. Bxf4 Qa4 17. Kb1 Be6 18. b3 Qc6 19. Bc1 a5 20. a3 f5 21.
Bb2 a4 22. b4 Rae8 23. Qf2 fxe4 24. Qxd4 Re7 25. Re1 Rf4 26. Rxe4 Rxe4 27. dxe4
d5 28. exd5 Qxd5 29. Rf1 Qxd4 30. Bxd4 Bd5 31. Bc5 Rf7 32. Rd1 Rd7 33. Kb2 b5
34. Rd2 Bc6 35. Rf2 h5 36. g3 Rf7 37. Rxf7 Kxf7 38. Kc3 Be4 39. Kd2 Ke6 40. Kc3
Kd5 41. Bf8 g6 42. Bg7 1/2-1/2

[Event "World Senior Teams +50"]
[Site "Radebeul GER"]
[Date "2016.07.02"]
[Round "7.4"]
[Board "4"]
[White "Habel, Christof"]
[Black "Bowmer, Kevin"]
[Result "0-1"]
[WhiteElo "2042"]
[BlackElo "2071"]
[WhiteTeam "Post-SV Ulm"]
[BlackTeam "England 2"]
[WhiteFideId "24602540"]
[BlackFideId "416690"]
[EventDate "2016.06.26"]

1. d4 Nf6 2. g3 g6 3. Bg2 Bg7 4. e4 d6 5. Ne2 O-O 6. Nbc3 e5 7. h3 c6 8. a4 a5
9. Be3 Na6 10. Qd2 Nb4 11. O-O Be6 12. Rad1 Qc8 13. Kh2 d5 14. dxe5 Nxe4 15.
Nxe4 dxe4 16. Nc3 Bxe5 17. Nxe4 Qc7 18. f4 Bg7 19. Qf2 Nd5 20. Bd4 Bxd4 21. Qxd4
Qb6 22. Qe5 Bf5 23. Qd4 Qxd4 24. Rxd4 Ne3 25. Rf2 Rad8 26. Nd6 Bxc2 27. Rdd2
Nxg2 28. Kxg2 Rd7 29. Nc4 Rxd2 30. Rxd2 Bxa4 31. Nxa5 b6 32. Nc4 Rb8 33. Kf2 Bb3
34. Ne5 Bd5 35. Ke3 Ra8 36. Nd7 Be6 37. Nxb6 Rb8 38. Na4 Bxh3 39. Nc3 Kg7 40.
Kf3 Be6 41. g4 h6 42. Kg3 Rb4 43. Ne2 c5 44. Rc2 Rc4 45. Rxc4 Bxc4 46. Nc3 Be6
47. Kh4 Kf8 48. Ne4 c4 49. Ng3 Ke7 50. f5 Bd5 51. Ne2 Kd6 52. g5 h5 53. fxg6
fxg6 54. Nf4 Be4 55. Kg3 Ke5 56. Ne2 Bf5 57. Kf2 Ke4 58. Ng3+ Kf4 59. Ne2+ Kxg5
60. Ke3 h4 61. Kd4 Be6 0-1

[Event "World Senior Teams +50"]
[Site "Radebeul GER"]
[Date "2016.07.02"]
[Round "7.5"]
[Board "1"]
[White "Hjartarson, Johann"]
[Black "Revuckij, Vladimir"]
[Result "1-0"]
[WhiteTitle "GM"]
[BlackTitle "IM"]
[WhiteElo "2547"]
[BlackElo "2401"]
[WhiteTeam "Iceland"]
[BlackTeam "Obuchiw"]
[WhiteFideId "2300044"]
[BlackFideId "14106167"]
[EventDate "2016.06.26"]

1. e4 e6 2. d4 d5 3. e5 c5 4. c3 Nc6 5. Nf3 Qb6 6. Be2 f6 7. O-O fxe5 8. dxe5
Nge7 9. Bd3 g6 10. Qe2 Bg7 11. Nbd2 Qc7 12. Re1 O-O 13. Rb1 Bd7 14. b4 c4 15.
Bc2 b5 16. a4 a6 17. h4 Nf5 18. Nf1 Qa7 19. Ra1 Qb6 20. axb5 axb5 21. Rxa8 Rxa8
22. Bxf5 gxf5 23. Ng3 Be8 24. Be3 Qc7 25. Bf4 h6 26. Qe3 Kh7 27. Ne2 Qe7 28.
Ned4 Nxd4 29. Nxd4 Ra2 30. g3 Qf7 31. Kg2 Bf8 32. Qc1 Qd7 33. Qb1 Ra6 34. f3 Kh8
35. Re2 Qa7 36. Qb2 Kh7 37. Rf2 Kh8 38. Kh3 Bg7 39. Qd2 Kh7 40. Rg2 Qd7 41. Qc2
Bg6 42. Kh2 Qe8 43. Qb1 Ra3 44. Qb2 Ra6 45. Kh3 Qb8 46. Re2 Qe8 47. Re1 Qb8 48.
Ra1 Rb6 49. Qe2 Qb7 50. Ra5 Qb8 51. Qa2 Rb7 52. Ra8 Qc7 53. Nxe6 Qb6 54. Nd4 Re7
55. Qa5 Qxa5 56. bxa5 Be8 57. a6 1-0

[Event "World Senior Teams +50"]
[Site "Radebeul GER"]
[Date "2016.07.02"]
[Round "7.5"]
[Board "2"]
[White "Ianov, Viktor"]
[Black "Olafsson, Helgi"]
[Result "0-1"]
[WhiteTitle "IM"]
[BlackTitle "GM"]
[WhiteElo "2324"]
[BlackElo "2543"]
[WhiteTeam "Obuchiw"]
[BlackTeam "Iceland"]
[WhiteFideId "14102730"]
[BlackFideId "2300010"]
[EventDate "2016.06.26"]

1. Nf3 d5 2. g3 g6 3. Bg2 Bg7 4. c4 dxc4 5. Na3 c5 6. Nxc4 Nc6 7. O-O Nf6 8. d3
Nd5 9. a4 O-O 10. Qb3 b6 11. Bd2 Rb8 12. Rfd1 Be6 13. e3 h6 14. Be1 Qd7 15. Rac1
Rfd8 16. d4 cxd4 17. exd4 f6 18. Qa3 a5 19. b3 Ncb4 20. Qb2 Bf5 21. Qe2 g5 22.
h4 Qe6 23. Qxe6+ Bxe6 24. hxg5 hxg5 25. Bxb4 axb4 26. Re1 Kf7 27. a5 g4 28. Nh4
b5 29. Ne3 Nc3 30. Nef5 Bf8 31. Rxe6 Kxe6 32. Re1+ Kf7 33. a6 Rd7 34. Bb7 Rbxb7
35. axb7 Rxb7 36. Ne3 Ra7 37. Nc2 e6 0-1

[Event "World Senior Teams +50"]
[Site "Radebeul GER"]
[Date "2016.07.02"]
[Round "7.5"]
[Board "3"]
[White "Petursson, Margeir"]
[Black "Kernazhitsky, Leonid"]
[Result "1-0"]
[WhiteTitle "GM"]
[BlackTitle "IM"]
[WhiteElo "2509"]
[BlackElo "2285"]
[WhiteTeam "Iceland"]
[BlackTeam "Obuchiw"]
[WhiteFideId "2300028"]
[BlackFideId "14102102"]
[EventDate "2016.06.26"]

1. c4 e5 2. Nc3 Nf6 3. g3 d5 4. cxd5 Nxd5 5. Bg2 Nb6 6. Nf3 Nc6 7. O-O Be7 8. a3
O-O 9. b4 Be6 10. Rb1 f6 11. d3 a5 12. b5 Nd4 13. Ne1 Qc8 14. e3 Nf5 15. Nf3 Rd8
16. Qc2 Qd7 17. Rd1 a4 18. d4 exd4 19. Nxd4 Nxd4 20. Rxd4 Qc8 21. Rxd8+ Bxd8 22.
Rb4 Be7 23. Rd4 Bb3 24. Qd3 Be6 25. Qd1 Bb3 26. Qh5 Bf7 27. Qh4 c6 28. bxc6 bxc6
29. Nxa4 Nd5 30. Qe4 Qb7 31. Qc2 Ra5 32. h4 c5 33. Rd2 Qa7 34. Bxd5 Bxd5 35.
Rxd5 Rxa4 36. Qf5 Qb6 37. Qd7 Ra7 38. Qc8+ Kf7 39. Qg4 g6 40. h5 Qc6 41. hxg6+
hxg6 42. e4 Ra4 43. Qh4 Qe8 44. Bb2 f5 45. Qh7+ Ke6 46. Re5+ Kd6 47. exf5 gxf5
48. Qxf5 1-0

[Event "World Senior Teams +50"]
[Site "Radebeul GER"]
[Date "2016.07.02"]
[Round "7.5"]
[Board "4"]
[White "Semenov, Valeri"]
[Black "Olafsson, Fridrik"]
[Result "1/2-1/2"]
[WhiteTitle "FM"]
[BlackTitle "GM"]
[WhiteElo "2279"]
[BlackElo "2377"]
[WhiteTeam "Obuchiw"]
[BlackTeam "Iceland"]
[WhiteFideId "14101319"]
[BlackFideId "2300052"]
[EventDate "2016.06.26"]

1. c4 Nf6 2. g3 c6 3. Bg2 d5 4. Qa4 e6 5. Nf3 Be7 6. O-O O-O 7. d3 a6 8. Qc2 c5
9. e4 Nc6 10. e5 Ng4 11. Re1 Nb4 12. Qe2 Nh6 13. a3 Nc6 14. Bxh6 gxh6 15. Nc3 f5
16. Rad1 d4 17. Rb1 Bd7 18. Nd2 Be8 19. f4 Kh8 20. Bf3 Rg8 21. Kh1 Rb8 1/2-1/2

[Event "World Senior Teams +50"]
[Site "Radebeul GER"]
[Date "2016.07.02"]
[Round "7.6"]
[Board "1"]
[White "Mueller, Michael1"]
[Black "Enders, Peter"]
[Result "0-1"]
[WhiteTitle "FM"]
[BlackTitle "GM"]
[WhiteElo "2244"]
[BlackElo "2448"]
[WhiteTeam "Stiftung BSW / DBAG II"]
[BlackTeam "Thueringen"]
[WhiteFideId "4622081"]
[BlackFideId "4611314"]
[EventDate "2016.06.26"]

1. d4 Nf6 2. Nf3 e6 3. Bf4 b6 4. e3 Bb7 5. Bd3 d6 6. Nbd2 Nbd7 7. Qe2 g6 8. h3
Bg7 9. O-O O-O 10. Bh2 Qe7 11. e4 e5 12. c3 Nh5 13. g4 Nf4 14. Bxf4 exf4 15.
Rfe1 Rad8 16. a4 a5 17. Rad1 Nf6 18. e5 dxe5 19. Nxe5 h5 20. f3 Nd5 21. Nf1 Qh4
22. Qg2 hxg4 23. Qxg4 Qh6 24. Qg2 Bxe5 25. Rxe5 Kg7 26. c4 Nf6 27. d5 Bc8 28.
Nh2 Bxh3 29. Qf2 Nd7 30. Re2 Qg5+ 31. Kh1 Nc5 32. Bc2 Rfe8 33. Rde1 Rxe2 34.
Rxe2 Qf6 35. Qe1 Rh8 36. Re5 Bf1 37. b3 Bd3 38. Bd1 Bxc4 39. Re8 Rxe8 40. Qxe8
Bxd5 41. Ng4 Qe6 42. Qd8 Bxf3+ 43. Bxf3 Qe1+ 44. Kg2 Qg3+ 45. Kf1 Qxf3+ 46. Nf2
Ne6 47. Qe8 Qxb3 48. Qc6 f3 49. Kg1 Qe3 50. Qc2 Qe1+ 51. Kh2 Qe5+ 52. Kh3 Qh5+
53. Kg3 Qg5+ 54. Ng4 f5 55. Qc3+ Kf7 56. Qxf3 Qxg4+ 57. Qxg4 fxg4 0-1

[Event "World Senior Teams +50"]
[Site "Radebeul GER"]
[Date "2016.07.02"]
[Round "7.6"]
[Board "2"]
[White "Casper, Thomas"]
[Black "Kuhne, Detlev"]
[Result "1-0"]
[WhiteTitle "IM"]
[WhiteElo "2377"]
[BlackElo "2085"]
[WhiteTeam "Thueringen"]
[BlackTeam "Stiftung BSW / DBAG II"]
[WhiteFideId "4611403"]
[BlackFideId "4642872"]
[EventDate "2016.06.26"]

1. e4 c5 2. Nf3 e6 3. c3 Nf6 4. d3 Nc6 5. Nbd2 Be7 6. Be2 O-O 7. O-O Qc7 8. Re1
d5 9. Bf1 b6 10. a3 Bb7 11. e5 Nd7 12. d4 cxd4 13. cxd4 Na5 14. Bd3 Rac8 15. Nf1
Rfe8 16. h4 Nf8 17. N1h2 Qd7 18. b4 Nc4 19. Ng4 a5 20. bxa5 bxa5 21. Ng5 Bc6 22.
Qc2 Bxg5 23. hxg5 Ba4 24. Qe2 Qa7 25. Be3 Nxe3 26. Qxe3 Bc2 27. Nf6+ Kh8 28.
Nxe8 Bxd3 29. Nd6 Rc3 30. Red1 1-0